| 000 | 00825nam a2200241 a 4500 | ||
|---|---|---|---|
| 001 | 49295 | ||
| 003 | BD-RjUL | ||
| 005 | 20230816114532.0 | ||
| 008 | 160820s1967 ii ||||| |||| 00| 0 ben d | ||
| 020 | _c: Tk. 13.00 | ||
| 035 | _a(BD-RjUL)49414 | ||
| 040 |
_aBD-RjUL _bben _cBD-RjUL |
||
| 041 | _aben | ||
| 082 |
_223 _a891.4408 _bDID 1967 |
||
| 100 |
_aদীনবন্ধু _9148087 |
||
| 245 | 1 | 0 |
_aদীনবন্ধু রচনাবলী / _cদীনবন্ধু |
| 260 |
_aকলিকাতা : _bশিশু সাহিত্য সংসদ, _c১৯৬৭ |
||
| 300 |
_aখণ্ড ; _c১৯ সেমি. |
||
| 505 | 0 | _aখণ্ড ১ | |
| 650 |
_aবাংলা সাহিত্য _x সংগ্রহ _9122902 |
||
| 650 |
_aBengali Literature _xCollection _9122903 |
||
| 942 |
_2ddc _cBK |
||
| 999 |
_c49295 _d49295 |
||